Statistics for 鉄道駅が1つある市町村

Click here to take the quiz!

General Stats

  • This quiz has been taken 60 times
  • The average score is 62 of 183

Answer Stats

都道府県市町村駅名% Correct
神奈川県湯河原町湯河原
63%
神奈川県真鶴町真鶴
61%
神奈川県二宮町二宮
59%
神奈川県大磯町大磯
59%
神奈川県平塚市平塚
59%
東京都清瀬市清瀬
59%
東京都瑞穂町箱根ケ崎
57%
福島県双葉町双葉
57%
埼玉県北本市北本
57%
埼玉県蕨市
57%
東京都東久留米市東久留米
54%
富山県舟橋村越中舟橋
54%
埼玉県ふじみ野市上福岡
54%
埼玉県桶川市桶川
54%
茨城県古河市古河
54%
神奈川県開成町開成
52%
埼玉県和光市和光市
52%
福島県浪江町浪江
52%
滋賀県野洲市野洲
52%
滋賀県守山市守山
52%
埼玉県八潮市八潮
50%
秋田県八郎潟町八郎潟
50%
埼玉県蓮田市蓮田
48%
千葉県長生村八積
48%
栃木県野木町野木
48%
静岡県菊川市菊川
48%
茨城県小美玉市羽鳥
46%
福島県西郷村新白河
43%
石川県能美市能美根上
43%
栃木県大田原市野崎
43%
千葉県御宿町御宿
43%
埼玉県幸手市幸手
43%
神奈川県伊勢原市伊勢原
43%
福島県広野町広野
43%
滋賀県日野町日野
41%
埼玉県ときがわ町明覚
41%
埼玉県志木市柳瀬川
41%
埼玉県美里町松久
41%
埼玉県杉戸町杉戸高野台
41%
青森県七戸町七戸十和田
41%
茨城県東海村東海
41%
茨城県高萩市高萩
41%
富山県小矢部市石動
41%
静岡県藤枝市藤枝
41%
福島県矢吹町矢吹
41%
福島県大熊町大野
41%
岩手県平泉町平泉
41%
福島県鏡石町鏡石
41%
群馬県板倉町板倉東洋大前
39%
千葉県神崎町下総神崎
39%
千葉県横芝光町横芝
39%
佐賀県吉野ヶ里町吉野ケ里公園
39%
滋賀県多賀町多賀大社前
39%
香川県宇多津町宇多津
37%
千葉県芝山町芝山千代田
37%
岩手県矢巾町矢幅
37%
埼玉県上里町神保原
37%
宮崎県高鍋町高鍋
37%
宮城県岩沼市岩沼
37%
山口県和木町和木
37%
宮城県大河原町大河原
37%
長野県下諏訪町下諏訪
37%
群馬県下仁田町下仁田
37%
茨城県大洗町大洗
37%
佐賀県江北町江北
37%
三重県川越町川越富洲原
37%
岡山県赤磐市熊山
37%
群馬県明和町川俣
37%
山形県鮭川村羽前豊里
37%
宮城県気仙沼市気仙沼
35%
北海道ニセコ町ニセコ
35%
北海道余市町余市
35%
福井県おおい町若狭本郷
35%
北海道沼田町石狩沼田
35%
福島県泉崎村泉崎
35%
北海道むかわ町鵡川
35%
北海道新得町新得
35%
千葉県栄町安食
35%
新潟県見附市見附
35%
福島県桑折町桑折
35%
長野県諏訪市上諏訪
33%
岐阜県土岐市土岐市
33%
滋賀県愛荘町愛知川
33%
広島県府中町向洋
33%
和歌山県有田川町藤並
33%
岐阜県関ケ原町関ケ原
33%
奈良県斑鳩町法隆寺
33%
広島県海田町海田市
33%
奈良県川西町結崎
33%
新潟県加茂市加茂
33%
北海道美幌町美幌
33%
山形県大江町左沢
33%
青森県三戸町目時
33%
岩手県岩泉町岩泉小本
33%
山形県尾花沢市芦沢
33%
秋田県井川町井川さくら
30%
北海道共和町小沢
30%
北海道奈井江町奈井江
30%
滋賀県豊郷町豊郷
30%
和歌山県太地町太地
30%
青森県三沢市三沢
30%
高知県田野町田野
30%
岡山県里庄町里庄
30%
熊本県高森町高森
30%
鳥取県若桜町若桜
30%
長野県麻績村聖高原
30%
長野県御代田町御代田
30%
佐賀県神埼市神埼
30%
埼玉県嵐山町武蔵嵐山
30%
高知県奈半利町奈半利
30%
山口県田布施町田布施
30%
青森県板柳町板柳
28%
北海道鹿部町鹿部
28%
和歌山県湯浅町湯浅
28%
大阪府忠岡町忠岡
28%
京都府与謝野町与謝野
28%
京都府笠置町笠置
28%
北海道栗山町栗山
28%
佐賀県嬉野市嬉野温泉
28%
北海道妹背牛町妹背牛
28%
北海道上富良野町上富良野
28%
長野県宮田村宮田
28%
和歌山県日高川町和佐
28%
熊本県湯前町湯前
28%
山梨県西桂町三つ峠
28%
鳥取県倉吉市倉吉
28%
北海道厚真町浜厚真
28%
山形県高畠町高畠
28%
熊本県長洲町長洲
28%
北海道剣淵町剣淵
28%
和歌山県由良町紀伊由良
26%
和歌山県日高町紀伊内原
26%
奈良県明日香村飛鳥
26%
和歌山県広川町広川ビーチ
26%
北海道北広島市北広島
26%
岐阜県富加町富加
26%
福島県三春町三春
26%
大阪府熊取町熊取
26%
岐阜県垂井町垂井
26%
岩手県住田町上有住
26%
北海道上川町上川
26%
長野県木祖村藪原
26%
岐阜県七宗町上麻生
26%
福島県磐梯町磐梯町
26%
宮崎県門川町門川
24%
長野県川上村信濃川上
24%
埼玉県神川町丹荘
24%
福岡県遠賀町遠賀川
24%
佐賀県大町町大町
24%
福岡県桂川町桂川
24%
福岡県吉富町吉富
24%
福島県湯川村笈川
24%
徳島県藍住町勝瑞
24%
福島県塙町磐城塙
24%
岐阜県岐南町岐南
24%
岡山県和気町和気
24%
岡山県笠岡市笠岡
24%
和歌山県上富田町朝来
24%
大阪府四條畷市忍ケ丘
24%
北海道洞爺湖町洞爺
22%
佐賀県みやき町中原
22%
熊本県津奈木町津奈木
22%
岐阜県坂祝町坂祝
22%
山形県山辺町羽前山辺
22%
福岡県岡垣町海老津
22%
愛知県南知多町内海
22%
宮崎県新富町日向新富
22%
滋賀県甲良町尼子
22%
宮崎県川南町川南
22%
広島県世羅町備後三川
22%
奈良県広陵町箸尾
20%
福岡県宇美町宇美
20%
長野県飯綱町牟礼
20%
三重県玉城町田丸
20%
熊本県玉東町木葉
17%
兵庫県福崎町福崎
17%
愛知県東栄町東栄
17%
高知県中土佐町土佐久礼
17%
福岡県鞍手町鞍手
15%
福岡県嘉麻市下鴨生
13%
長野県中川村伊那田島
13%
熊本県相良村川村
11%
兵庫県猪名川町日生中央
11%

Score Distribution

Percentile by Number Answered

Percent of People with Each Score

Your Score History

You have not taken this quiz